01103nam a22002777a 450000500170000001000150001702000260003203500130005803700130007108200110008424501560009526000450025127000660029630000380036250000270040050000440042750000520047165000410052365000420056470000170060670000160062370000200063994200250065999900170068495201240070120150313152740.0 aENG-112114 a9780198089643c895.00 aEN-95646 bDBAD/PUB a915.41 aAn anthology of writings on the Ganga :cedited by Assa Doron, Richard Barz [and] Barbara Nelsonbgoddess and river in history, culture, and society /  aNew DelhibOxford University Pressc2015 aYMCA Library Building, 1, Jai Singh Road, bNew Delhie110001 axviii,356p. :c23cm(Hb)bmap(b&w) a Contributed articles. aSome translated from various languages. a Includes bibliographical references and index. aGanga (Hindu deity)xCults z India. a Water xReligious aspectsxHinduism. a Doron, Assa aBarz, R. K. aNelson, Barbara 2ddccENmANTh915.41 c91273d91273 001040718NFICaDBADbDBADd2015-02-06eDBAD/PUBg895.00l0o915.41 ANTpEN-95646r2015-02-06 00:00:00t1v895.00yEN